000 00455nam a2200133 a 4500
008 120416s1971 ||||||||||||||||| || u
050 _aHV 8065 Com
100 _aComer, Michael J
245 1 0 _aCorporate fraud
260 _aLondon
_bMcGraw-Hill
_c1971
300 _aix, 393p. : ill
350 _a0.00
995 _D0.00
_FCBU-MAIN LIBRARY (Kitwe)
_H1
_I0.00
_UAVAILABLE
_ZMain Library Open Access Collection
999 _c38882
_d38882